[Event "English Open Championship 2024"]
[Site "Holiday Inn, 212 Abbey End, Kenilworth CV8 1ED, United Kingdom"]
[Date "2024.06.22"]
[Round "6.27"]
[White "Zakarian, Dimitrios Levon"]
[Black "Williams, Ana"]
[Result "1-0"]
[TimeControl "G90 + 30secs/move"]
[WhiteFideId "453080"]
[BlackFideId "343419771"]
[WhiteElo "1966"]
[BlackElo "1988"]

1. d4 {[%clk 01:30:58]} Nf6 {[%clk 01:30:55]} {[%emt 00:00:05]} 2. Nf3 {[%clk
01:31:24]} {[%emt 00:00:04]} e6 {[%clk 01:31:20]} {[%emt 00:00:06]} 3. c4
{[%clk 01:31:51]} {[%emt 00:00:04]} d5 {[%clk 01:31:47]} {[%emt 00:00:03]} 4.
Bg5 {[%clk 01:32:14]} {[%emt 00:00:06]} Be7 {[%clk 01:22:44]} {[%emt 00:09:32]}
5. Nc3 {[%clk 01:32:29]} {[%emt 00:00:16]} O-O {[%clk 01:20:56]} {[%emt
00:02:18]} 6. e3 {[%clk 01:32:54]} {[%emt 00:00:05]} Nbd7 {[%clk 01:15:04]}
{[%emt 00:06:22]} 7. Qc2 {[%clk 01:33:18]} {[%emt 00:00:06]} h6 {[%clk
01:14:45]} {[%emt 00:00:49]} 8. Bh4 {[%clk 01:33:39]} {[%emt 00:00:09]} a6
{[%clk 01:13:05]} {[%emt 00:02:10]} 9. cxd5 {[%clk 01:33:55]} {[%emt 00:00:13]}
exd5 {[%clk 01:11:13]} {[%emt 00:02:24]} 10. Be2 {[%clk 01:33:45]} {[%emt
00:00:39]} c6 {[%clk 01:10:23]} {[%emt 00:01:20]} 11. O-O {[%clk 01:33:54]}
{[%emt 00:00:20]} Ne4 {[%clk 01:10:22]} {[%emt 00:00:32]} 12. Bxe7 {[%clk
01:29:06]} {[%emt 00:05:18]} Qxe7 {[%clk 01:10:13]} {[%emt 00:00:39]} 13. Nxe4
{[%clk 01:29:23]} {[%emt 00:00:12]} dxe4 {[%clk 01:10:25]} {[%emt 00:00:18]} 14.
Nd2 {[%clk 01:29:48]} {[%emt 00:00:05]} Nf6 {[%clk 01:06:45]} {[%emt 00:04:11]}
15. Rab1 {[%clk 01:28:50]} {[%emt 00:01:27]} Be6 {[%clk 01:00:41]} {[%emt
00:06:34]} 16. b4 {[%clk 01:22:51]} {[%emt 00:06:30]} Bd5 {[%clk 01:00:36]}
{[%emt 00:00:35]} 17. a4 {[%clk 01:16:47]} {[%emt 00:06:34]} b5 {[%clk
00:55:41]} {[%emt 00:05:25]} 18. Rfc1 {[%clk 01:14:23]} {[%emt 00:02:54]} Nd7
{[%clk 00:54:31]} {[%emt 00:01:41]} 19. axb5 {[%clk 01:12:07]} {[%emt
00:02:45]} axb5 {[%clk 00:54:11]} {[%emt 00:00:50]} 20. Nb3 {[%clk 01:12:16]}
{[%emt 00:00:21]} f5 {[%clk 00:48:45]} {[%emt 00:05:56]} 21. Na5 {[%clk
01:06:40]} {[%emt 00:06:06]} Nb8 {[%clk 00:44:58]} {[%emt 00:04:17]} 22. Qd2
{[%clk 01:04:17]} {[%emt 00:02:53]} g5 {[%clk 00:43:43]} {[%emt 00:01:44]} 23.
Bd1 {[%clk 00:57:34]} {[%emt 00:07:14]} Rf6 {[%clk 00:39:43]} {[%emt 00:04:30]}
24. Bb3 {[%clk 00:55:37]} {[%emt 00:02:27]} Qf7 {[%clk 00:38:26]} {[%emt
00:01:47]} 25. Bxd5 {[%clk 00:54:41]} {[%emt 00:01:25]} cxd5 {[%clk 00:37:33]}
{[%emt 00:01:24]} 26. Rc8+ {[%clk 00:54:44]} {[%emt 00:00:26]} Kg7 {[%clk
00:37:58]} {[%emt 00:00:05]} 27. Rbc1 {[%clk 00:54:55]} {[%emt 00:00:20]} 1-0

[Event "English Open Championship 2024"]
[Site "Holiday Inn, 212 Abbey End, Kenilworth CV8 1ED, United Kingdom"]
[Date "2024.06.22"]
[Round "6.28"]
[White "Lishoy Gengis Paratazham, Dildarav"]
[Black "Gibson, Christopher A"]
[Result "1/2-1/2"]
[TimeControl "G90 + 30secs/move"]
[WhiteFideId "491462"]
[BlackFideId "414697"]
[WhiteElo "1969"]
[BlackElo "1851"]

1. e4 {[%clk 01:30:57]} {[%emt 00:00:01]} c5 {[%clk 01:30:54]} {[%emt
00:00:07]} 2. d3 {[%clk 01:31:22]} {[%emt 00:00:05]} Nc6 {[%clk 01:31:12]}
{[%emt 00:00:12]} 3. g3 {[%clk 01:31:43]} {[%emt 00:00:09]} e6 {[%clk
01:31:18]} {[%emt 00:00:25]} 4. Bg2 {[%clk 01:31:55]} {[%emt 00:00:17]} Nf6
{[%clk 01:31:03]} {[%emt 00:00:45]} 5. Ne2 {[%clk 01:31:13]} {[%emt 00:01:12]}
Be7 {[%clk 01:27:51]} {[%emt 00:03:42]} 6. O-O {[%clk 01:31:26]} {[%emt
00:00:16]} d5 {[%clk 01:26:19]} {[%emt 00:02:03]} 7. exd5 {[%clk 01:31:46]}
{[%emt 00:00:10]} Nxd5 {[%clk 01:26:32]} {[%emt 00:00:17]} 8. Nbc3 {[%clk
01:30:41]} {[%emt 00:01:35]} Nf6 {[%clk 01:23:45]} {[%emt 00:03:17]} 9. Bf4
{[%clk 01:28:27]} {[%emt 00:02:44]} a6 {[%clk 01:22:12]} {[%emt 00:02:04]} 10.
a4 {[%clk 01:27:09]} {[%emt 00:01:48]} O-O {[%clk 01:20:58]} {[%emt 00:01:43]}
11. h3 {[%clk 01:22:57]} {[%emt 00:04:43]} Qd7 {[%clk 01:16:22]} {[%emt
00:05:06]} 12. Qd2 {[%clk 01:20:50]} {[%emt 00:02:36]} b6 {[%clk 01:15:18]}
{[%emt 00:01:34]} 13. Rad1 {[%clk 01:11:04]} {[%emt 00:10:16]} Bb7 {[%clk
01:14:49]} {[%emt 00:00:59]} 14. d4 {[%clk 01:09:28]} {[%emt 00:02:06]} cxd4
{[%clk 01:08:21]} {[%emt 00:06:59]} 15. Nxd4 {[%clk 01:09:51]} {[%emt
00:00:07]} Nxd4 {[%clk 01:08:39]} {[%emt 00:00:12]} 16. Qxd4 {[%clk 01:10:13]}
{[%emt 00:00:08]} Qxd4 {[%clk 01:07:59]} {[%emt 00:01:09]} 17. Rxd4 {[%clk
01:10:38]} {[%emt 00:00:04]} Bxg2 {[%clk 01:02:32]} {[%emt 00:05:58]} 18. Kxg2
{[%clk 01:11:05]} {[%emt 00:00:02]} Rfd8 {[%clk 00:53:40]} {[%emt 00:09:23]} 19.
Rfd1 {[%clk 01:10:52]} {[%emt 00:00:42]} Kf8 {[%clk 00:52:46]} {[%emt
00:01:25]} 20. Kf3 {[%clk 01:04:22]} {[%emt 00:07:00]} Ke8 {[%clk 00:51:15]}
{[%emt 00:02:00]} 21. g4 {[%clk 01:00:43]} {[%emt 00:04:10]} Rxd4 {[%clk
00:41:54]} {[%emt 00:09:51]} 22. Rxd4 {[%clk 00:59:39]} {[%emt 00:01:34]} Rd8
{[%clk 00:42:22]} {[%emt 00:00:02]} 23. Rxd8+ {[%clk 00:59:12]} {[%emt
00:00:57]} Kxd8 {[%clk 00:40:35]} {[%emt 00:02:17]} 24. Be5 {[%clk 00:57:50]}
{[%emt 00:01:52]} 1/2-1/2

[Event "English Open Championship 2024"]
[Site "Holiday Inn, 212 Abbey End, Kenilworth CV8 1ED, United Kingdom"]
[Date "2024.06.22"]
[Round "6.29"]
[White "Green, Michael"]
[Black "Alldritt, Nigel Re"]
[Result "1-0"]
[TimeControl "G90 + 30secs/move"]
[WhiteFideId "437514"]
[BlackFideId "404543"]
[WhiteElo "1961"]
[BlackElo "1974"]

1. d4 {[%clk 01:30:40]} {[%emt 00:00:19]} Nf6 {[%clk 01:30:51]} {[%emt
00:00:09]} 2. c3 {[%clk 01:31:00]} {[%emt 00:00:12]} g6 {[%clk 01:30:59]}
{[%emt 00:00:22]} 3. Bf4 {[%clk 01:31:22]} {[%emt 00:00:08]} Bg7 {[%clk
01:31:19]} {[%emt 00:00:08]} 4. h3 {[%clk 01:31:41]} {[%emt 00:00:12]} d6
{[%clk 01:30:38]} {[%emt 00:01:11]} 5. e3 {[%clk 01:31:54]} {[%emt 00:00:17]}
Nbd7 {[%clk 01:30:40]} {[%emt 00:00:27]} 6. Nf3 {[%clk 01:32:12]} {[%emt
00:00:13]} c5 {[%clk 01:30:27]} {[%emt 00:00:44]} 7. Be2 {[%clk 01:32:11]}
{[%emt 00:00:30]} b6 {[%clk 01:30:50]} {[%emt 00:00:07]} 8. O-O {[%clk
01:32:20]} {[%emt 00:00:21]} Bb7 {[%clk 01:31:14]} {[%emt 00:00:05]} 9. Nbd2
{[%clk 01:32:10]} {[%emt 00:00:41]} O-O {[%clk 01:31:28]} {[%emt 00:00:15]} 10.
Bh2 {[%clk 01:32:22]} {[%emt 00:00:18]} a6 {[%clk 01:31:02]} {[%emt 00:00:57]}
11. a4 {[%clk 01:32:43]} {[%emt 00:00:10]} Ra7 {[%clk 01:29:10]} {[%emt
00:02:21]} 12. Re1 {[%clk 01:31:00]} {[%emt 00:02:13]} Qa8 {[%clk 01:28:36]}
{[%emt 00:01:02]} 13. Bf1 {[%clk 01:30:48]} {[%emt 00:00:44]} Rc8 {[%clk
01:22:06]} {[%emt 00:07:00]} 14. c4 {[%clk 01:29:46]} {[%emt 00:01:33]} d5
{[%clk 01:15:06]} {[%emt 00:07:28]} 15. Qb3 {[%clk 01:23:01]} {[%emt 00:07:16]}
e6 {[%clk 00:58:11]} {[%emt 00:17:25]} 16. Rac1 {[%clk 01:12:04]} {[%emt
00:11:26]} Bc6 {[%clk 00:54:17]} {[%emt 00:04:25]} 17. Ne5 {[%clk 01:03:16]}
{[%emt 00:09:19]} Nxe5 {[%clk 00:53:55]} {[%emt 00:00:51]} 18. Bxe5 {[%clk
01:03:37]} {[%emt 00:00:09]} Nd7 {[%clk 00:53:59]} {[%emt 00:00:25]} 19. Bxg7
{[%clk 01:02:42]} {[%emt 00:01:27]} Kxg7 {[%clk 00:54:22]} {[%emt 00:00:06]} 20.
dxc5 {[%clk 01:00:52]} {[%emt 00:02:20]} bxc5 {[%clk 00:46:45]} {[%emt
00:08:06]} 21. cxd5 {[%clk 00:56:16]} {[%emt 00:05:08]} exd5 {[%clk 00:46:24]}
{[%emt 00:00:51]} 22. Qc3+ {[%clk 00:55:25]} {[%emt 00:01:21]} Kg8 {[%clk
00:46:30]} {[%emt 00:00:22]} 23. a5 {[%clk 00:54:25]} {[%emt 00:01:31]} Bb5
{[%clk 00:43:22]} {[%emt 00:03:39]} 24. Bxb5 {[%clk 00:47:12]} {[%emt
00:07:43]} axb5 {[%clk 00:43:49]} {[%emt 00:00:03]} 25. b4 {[%clk 00:47:35]}
{[%emt 00:00:07]} Rac7 {[%clk 00:43:17]} {[%emt 00:01:02]} 26. Qb2 {[%clk
00:43:36]} {[%emt 00:04:29]} cxb4 {[%clk 00:31:42]} {[%emt 00:12:05]} 27. Rxc7
{[%clk 00:43:26]} {[%emt 00:00:40]} Rxc7 {[%clk 00:32:07]} {[%emt 00:00:04]} 28.
Qxb4 {[%clk 00:43:25]} {[%emt 00:00:30]} Qc6 {[%clk 00:32:14]} {[%emt
00:00:23]} 29. Nf3 {[%clk 00:42:44]} {[%emt 00:01:12]} Qc4 {[%clk 00:16:32]}
{[%emt 00:16:11]} 30. Rb1 {[%clk 00:42:29]} {[%emt 00:00:45]} Qd3 {[%clk
00:15:20]} {[%emt 00:01:42]} 31. Nd4 {[%clk 00:41:33]} {[%emt 00:01:27]} Ne5
{[%clk 00:14:02]} {[%emt 00:01:46]} 32. Qxb5 {[%clk 00:40:48]} {[%emt
00:01:17]} Qxb5 {[%clk 00:12:19]} {[%emt 00:02:14]} 33. Nxb5 {[%clk 00:39:33]}
{[%emt 00:01:44]} Rc2 {[%clk 00:12:31]} {[%emt 00:00:18]} 34. Ra1 {[%clk
00:39:25]} {[%emt 00:00:38]} Rb2 {[%clk 00:12:45]} {[%emt 00:00:16]} 35. a6
{[%clk 00:39:22]} {[%emt 00:00:33]} Nd7 {[%clk 00:12:55]} {[%emt 00:00:18]} 36.
a7 {[%clk 00:38:20]} {[%emt 00:01:34]} 1-0

[Event "English Open Championship 2024"]
[Site "Holiday Inn, 212 Abbey End, Kenilworth CV8 1ED, United Kingdom"]
[Date "2024.06.22"]
[Round "6.30"]
[White "He, Tom Junde"]
[Black "Mehrafarin, Amirabbas"]
[Result "1-0"]
[TimeControl "G90 + 30secs/move"]
[WhiteFideId "488810"]
[BlackFideId "12506966"]
[WhiteElo "1902"]
[BlackElo "1825"]

1. d4 {[%emt 00:03:28]} f5 {[%clk 01:27:34]} 2. Bg5 {[%clk 01:30:41]} {[%emt
00:00:47]} Nf6 {[%clk 01:27:49]} {[%emt 00:00:15]} 3. Bxf6 {[%clk 01:30:28]}
{[%emt 00:00:43]} exf6 {[%clk 01:28:18]} {[%emt 00:00:01]} 4. e3 {[%clk
01:30:39]} {[%emt 00:00:19]} Qe7 {[%clk 01:25:46]} {[%emt 00:03:01]} 5. Qe2
{[%clk 01:29:24]} {[%emt 00:01:45]} b6 {[%clk 01:21:19]} {[%emt 00:04:59]} 6.
c3 {[%clk 01:23:24]} {[%emt 00:06:30]} Bb7 {[%clk 01:21:37]} {[%emt 00:00:11]}
7. Nf3 {[%clk 01:22:09]} {[%emt 00:01:45]} Nc6 {[%clk 01:16:06]} {[%emt
00:06:02]} 8. g3 {[%clk 01:18:37]} {[%emt 00:04:00]} Nd8 {[%clk 01:16:05]}
{[%emt 00:00:32]} 9. Bg2 {[%clk 01:18:37]} {[%emt 00:00:28]} Nf7 {[%clk
01:16:15]} {[%emt 00:00:21]} 10. Nh4 {[%clk 01:14:07]} {[%emt 00:05:00]} Bxg2
{[%clk 01:15:02]} 11. Nxg2 {[%clk 01:13:04]} {[%emt 00:03:17]} Nd6 {[%clk
01:13:15]} {[%emt 00:02:17]} 12. Nd2 {[%clk 01:12:09]} {[%emt 00:01:25]} g6
{[%clk 01:13:18]} {[%emt 00:00:26]} 13. Nc4 {[%clk 01:06:12]} {[%emt 00:06:28]}
Qf7 {[%clk 01:00:37]} {[%emt 00:13:09]} 14. Nxd6+ {[%clk 01:01:45]} {[%emt
00:04:59]} Bxd6 {[%clk 01:00:41]} {[%emt 00:00:25]} 15. Qc2 {[%clk 00:58:43]}
{[%emt 00:03:29]} O-O {[%clk 00:53:58]} {[%emt 00:07:16]} 16. O-O {[%clk
00:58:34]} {[%emt 00:00:40]} Rfe8 {[%clk 00:54:09]} {[%emt 00:00:19]} 17. c4
{[%clk 00:58:13]} {[%emt 00:00:51]} c6 {[%clk 00:53:31]} {[%emt 00:01:08]} 18.
Rfd1 {[%clk 00:57:19]} {[%emt 00:01:23]} Qe7 {[%clk 00:44:49]} {[%emt
00:09:12]} 19. Rd3 {[%clk 00:53:53]} {[%emt 00:03:56]} Qe4 {[%clk 00:41:01]}
{[%emt 00:04:20]} 20. Rad1 {[%clk 00:52:32]} {[%emt 00:01:50]} Bf8 {[%clk
00:39:45]} {[%emt 00:01:46]} 21. Rc1 {[%clk 00:47:53]} {[%emt 00:05:09]} d6
{[%clk 00:37:48]} {[%emt 00:02:27]} 22. d5 {[%clk 00:30:33]} {[%emt 00:17:50]}
g5 {[%clk 00:34:16]} {[%emt 00:04:03]} 23. dxc6 {[%clk 00:29:00]} {[%emt
00:02:02]} Rec8 {[%clk 00:34:13]} {[%emt 00:00:33]} 24. Rd5 {[%clk 00:27:17]}
{[%emt 00:02:13]} Rxc6 {[%clk 00:34:01]} {[%emt 00:00:43]} 25. Rxf5 {[%clk
00:26:52]} {[%emt 00:00:54]} Qxc2 {[%clk 00:34:21]} {[%emt 00:00:10]} 26. Rxc2
{[%clk 00:27:19]} {[%emt 00:00:03]} Kg7 {[%clk 00:34:24]} {[%emt 00:00:28]} 27.
g4 {[%clk 00:26:48]} {[%emt 00:01:00]} Re8 {[%clk 00:33:21]} {[%emt 00:01:33]}
28. b3 {[%clk 00:25:40]} {[%emt 00:01:38]} Kg6 {[%clk 00:33:08]} {[%emt
00:00:43]} 29. Rd2 {[%clk 00:24:46]} {[%emt 00:01:24]} h5 {[%clk 00:32:55]}
{[%emt 00:00:43]} 30. h3 {[%clk 00:25:04]} {[%emt 00:00:10]} hxg4 {[%clk
00:31:24]} {[%emt 00:02:03]} 31. hxg4 {[%clk 00:25:32]} {[%emt 00:00:02]} Re7
{[%clk 00:28:12]} {[%emt 00:03:42]} 32. f3 {[%clk 00:25:29]} {[%emt 00:00:33]}
Rh7 {[%clk 00:25:49]} {[%emt 00:02:53]} 33. e4 {[%clk 00:25:21]} {[%emt
00:00:38]} Be7 {[%clk 00:26:01]} {[%emt 00:00:18]} 34. Ne3 {[%clk 00:25:45]}
{[%emt 00:00:06]} Rc8 {[%clk 00:25:52]} {[%emt 00:00:39]} 35. Nd5 {[%clk
00:25:59]} {[%emt 00:00:16]} Kf7 {[%clk 00:26:21]} {[%emt 00:00:01]} 36. Rh2
{[%clk 00:26:03]} {[%emt 00:00:25]} Rxh2 {[%clk 00:26:03]} {[%emt 00:00:49]} 37.
Kxh2 {[%clk 00:26:31]} {[%emt 00:00:01]} b5 {[%clk 00:25:35]} {[%emt 00:00:59]}
38. Nxe7 {[%clk 00:26:45]} {[%emt 00:00:16]} Kxe7 {[%clk 00:26:01]} {[%emt
00:00:04]} 39. Rxb5 {[%clk 00:27:12]} {[%emt 00:00:02]} Rc7 {[%clk 00:24:58]}
{[%emt 00:01:34]} 40. Kg3 {[%clk 00:27:33]} {[%emt 00:00:08]} Ke6 {[%clk
00:25:14]} {[%emt 00:00:15]} 41. Kf2 {[%clk 00:27:57]} {[%emt 00:00:05]} Rh7
{[%clk 00:25:02]} {[%emt 00:00:43]} 42. Ke3 {[%clk 00:28:19]} {[%emt 00:00:08]}
Rc7 {[%clk 00:22:41]} {[%emt 00:02:51]} 43. a3 {[%clk 00:28:35]} {[%emt
00:00:13]} Rh7 {[%clk 00:23:02]} {[%emt 00:00:09]} 44. b4 {[%clk 00:29:01]}
{[%emt 00:00:05]} Rc7 {[%clk 00:23:28]} {[%emt 00:00:04]} 45. Kd4 {[%clk
00:29:22]} {[%emt 00:00:08]} Rh7 {[%clk 00:23:03]} {[%emt 00:00:56]} 46. Ra5
{[%clk 00:28:58]} {[%emt 00:00:53]} Rh3 {[%clk 00:23:24]} {[%emt 00:00:09]} 47.
Ke3 {[%clk 00:29:10]} {[%emt 00:00:19]} Rh7 {[%clk 00:23:53]} {[%emt 00:00:01]}
48. Ra6 {[%clk 00:28:47]} {[%emt 00:00:53]} Ke5 {[%clk 00:24:06]} {[%emt
00:00:18]} 49. Rc6 {[%clk 00:29:14]} {[%emt 00:00:01]} Rh1 {[%clk 00:23:47]}
{[%emt 00:00:50]} 50. Rc7 {[%clk 00:29:19]} {[%emt 00:00:16]} Re1+ {[%clk
00:24:09]} {[%emt 00:00:16]} 51. Kd2 {[%clk 00:28:41]} {[%emt 00:01:08]} Rf1
{[%clk 00:24:23]} {[%emt 00:00:16]} 52. Ke2 {[%clk 00:28:19]} {[%emt 00:00:52]}
Ra1 {[%clk 00:22:23]} {[%emt 00:02:30]} 53. Rxa7 {[%clk 00:28:21]} {[%emt
00:00:28]} Kf4 {[%clk 00:22:46]} {[%emt 00:00:07]} 54. Rf7 {[%clk 00:25:49]}
{[%emt 00:03:02]} Ra2+ {[%clk 00:22:51]} {[%emt 00:00:25]} 55. Kd3 {[%clk
00:26:17]} {[%emt 00:00:03]} Rxa3+ {[%clk 00:22:39]} {[%emt 00:00:43]} 56. Kd4
{[%clk 00:26:43]} {[%emt 00:00:04]} Kxf3 {[%clk 00:22:27]} {[%emt 00:00:41]} 57.
Rxf6+ {[%clk 00:27:08]} {[%emt 00:00:05]} Kxg4 {[%clk 00:22:30]} {[%emt
00:00:27]} 58. Rxd6 {[%clk 00:27:33]} {[%emt 00:00:05]} Ra1 {[%clk 00:19:46]}
{[%emt 00:03:14]} 59. b5 {[%clk 00:27:11]} {[%emt 00:00:51]} Kh5 {[%clk
00:18:56]} {[%emt 00:01:19]} 60. Kc5 {[%clk 00:26:09]} {[%emt 00:01:34]} g4
{[%clk 00:18:33]} {[%emt 00:00:53]} 61. Rd8 {[%clk 00:25:28]} {[%emt 00:01:11]}
g3 {[%clk 00:18:52]} {[%emt 00:00:10]} 62. Rg8 {[%clk 00:25:54]} {[%emt
00:00:04]} Kh4 {[%clk 00:18:25]} {[%emt 00:00:58]} 63. b6 {[%clk 00:26:21]}
{[%emt 00:00:03]} Rb1 {[%clk 00:17:59]} {[%emt 00:00:55]} 64. e5 {[%clk
00:26:33]} {[%emt 00:00:19]} Kh3 {[%clk 00:17:56]} {[%emt 00:00:34]} 65. e6
{[%clk 00:26:34]} {[%emt 00:00:28]} g2 {[%clk 00:17:48]} {[%emt 00:00:37]} 66.
e7 {[%clk 00:26:45]} {[%emt 00:00:20]} 1-0

[Event "English Open Championship 2024"]
[Site "Holiday Inn, 212 Abbey End, Kenilworth CV8 1ED, United Kingdom"]
[Date "2024.06.22"]
[Round "6.31"]
[White "Hertog, Alexander"]
[Black "Zhu, Pengxiao"]
[Result "1/2-1/2"]
[TimeControl "G90 + 30secs/move"]
[WhiteFideId "488453"]
[BlackFideId "499307"]
[WhiteElo "1943"]
[BlackElo "2033"]

1. d4 {[%clk 01:30:58]} {[%emt 00:00:02]} d5 {[%clk 01:30:53]} {[%emt
00:00:07]} 2. c4 {[%clk 01:31:26]} {[%emt 00:00:03]} c6 {[%clk 01:31:17]}
{[%emt 00:00:05]} 3. Nf3 {[%clk 01:31:52]} {[%emt 00:00:04]} Nf6 {[%clk
01:31:43]} {[%emt 00:00:04]} 4. Qb3 {[%clk 01:32:17]} {[%emt 00:00:05]} e6
{[%clk 01:29:53]} {[%emt 00:02:20]} 5. g3 {[%clk 01:32:37]} {[%emt 00:00:10]}
Nbd7 {[%clk 01:30:13]} {[%emt 00:00:10]} 6. Bg2 {[%clk 01:33:02]} {[%emt
00:00:05]} Be7 {[%clk 01:30:13]} {[%emt 00:00:29]} 7. O-O {[%clk 01:33:27]}
{[%emt 00:00:06]} O-O {[%clk 01:30:38]} {[%emt 00:00:05]} 8. Re1 {[%clk
01:28:40]} {[%emt 00:05:17]} a5 {[%clk 01:23:57]} {[%emt 00:07:11]} 9. Nc3
{[%clk 01:22:32]} {[%emt 00:06:37]} a4 {[%clk 01:19:54]} {[%emt 00:04:34]} 10.
Nxa4 {[%clk 01:22:05]} {[%emt 00:00:58]} dxc4 {[%clk 01:20:08]} {[%emt
00:00:16]} 11. Qc2 {[%clk 01:22:17]} {[%emt 00:00:17]} b5 {[%clk 01:20:05]}
{[%emt 00:00:33]} 12. Nc3 {[%clk 01:16:49]} {[%emt 00:05:59]} Qb6 {[%clk
01:16:56]} {[%emt 00:03:38]} 13. Bg5 {[%clk 01:14:02]} {[%emt 00:03:17]} h6
{[%clk 01:13:08]} {[%emt 00:04:18]} 14. Bxf6 {[%emt 00:04:02]} Bxf6 {[%clk
01:10:34]} {[%emt 00:00:28]} 15. e3 {[%clk 01:12:56]} {[%emt 00:00:40]} Rb8
{[%clk 01:06:51]} {[%emt 00:04:14]} 16. Ne4 {[%clk 01:11:54]} {[%emt 00:01:31]}
Be7 {[%clk 01:05:51]} {[%emt 00:01:30]} 17. b3 {[%clk 01:10:49]} {[%emt
00:01:36]} cxb3 {[%clk 01:04:30]} {[%emt 00:01:50]} 18. axb3 {[%clk 01:10:16]}
{[%emt 00:01:04]} c5 {[%clk 00:58:48]} {[%emt 00:06:11]} 19. dxc5 {[%clk
01:10:08]} {[%emt 00:00:37]} Nxc5 {[%clk 00:58:58]} {[%emt 00:00:21]} 20. Nxc5
{[%clk 01:10:25]} {[%emt 00:00:12]} Bxc5 {[%clk 00:55:07]} {[%emt 00:04:21]} 21.
Rec1 {[%clk 01:09:47]} {[%emt 00:01:09]} Be7 {[%clk 00:52:56]} {[%emt
00:02:41]} 22. Qc7 {[%clk 01:02:46]} {[%emt 00:07:32]} Bf6 {[%clk 00:52:05]}
{[%emt 00:01:19]} 23. Ra7 {[%clk 01:02:50]} {[%emt 00:00:27]} b4 {[%clk
00:44:30]} {[%emt 00:08:04]} 24. Nd2 {[%clk 00:52:14]} {[%emt 00:11:07]} Ba6
{[%clk 00:31:50]} {[%emt 00:13:09]} 25. Qxb6 {[%clk 00:44:01]} {[%emt
00:08:44]} Rxb6 {[%clk 00:32:15]} {[%emt 00:00:05]} 26. Nc4 {[%clk 00:44:19]}
{[%emt 00:00:13]} Bxc4 {[%clk 00:29:56]} {[%emt 00:02:48]} 27. Rxc4 {[%clk
00:43:53]} {[%emt 00:00:56]} Bc3 {[%clk 00:29:59]} {[%emt 00:00:26]} 28. Bf1
{[%clk 00:44:17]} {[%emt 00:00:07]} Rd6 {[%clk 00:28:17]} {[%emt 00:02:12]} 29.
Rcc7 {[%clk 00:44:38]} {[%emt 00:00:09]} Rd1 {[%clk 00:26:51]} {[%emt
00:01:54]} 30. Kg2 {[%clk 00:40:08]} {[%emt 00:05:03]} Rb1 {[%clk 00:25:05]}
{[%emt 00:02:15]} 31. Bc4 {[%clk 00:40:18]} {[%emt 00:00:21]} Rb2 {[%clk
00:25:15]} {[%emt 00:00:20]} 32. Kf1 {[%clk 00:36:59]} {[%emt 00:03:49]} Rb1+
{[%clk 00:22:55]} {[%emt 00:02:50]} 33. Kg2 {[%clk 00:37:12]} {[%emt 00:00:17]}
Rb2 {[%clk 00:23:02]} {[%emt 00:00:23]} 34. Kf1 {[%clk 00:37:38]} {[%emt
00:00:04]} 1/2-1/2